000
00326nam a2200133Ia 4500
008
231129s1972||||xx |||||||||||||| ||spa||
040
_b
spa
082
_a
920.72 T693
100
_a
Torres Giraldo Ignacio
245
0
_a
Maria Cano mujer rebelde
260
_c
1972
264
_a
Publicaciones de la Rosca
942
_2
ddc
_c
BKS
999
_c
20653
_d
20653